00533nam a2200169Ia 4500003000900000008004100009020001600050040001600066080001300082245010600095260005100201300001400252650004100266650001700307650001600324700002300340IN-BaIIA211028s9999 xx 000 0 eng d a520-01410-3 cIIA Library a524bHER 0aSpectroscopic astrophysicsban assessment of the contributions of Otto Struvecedited by G. H. Herbig aBerkeleybUniversity of California Pressc1970 aix, 462p. aAstronomy and Astrophysics Thesaurus aAstrophysics aOtto Struve aHerbig, G. H., ed.